[Event "Roncana op-B 11th"]
[Site "Santa Eulalia de Roncana"]
[Date "2017.10.07"]
[Round "3.1"]
[White "Montllor Aguilera, Francisco"]
[Black "Garcia Torres, Adolfo"]
[Result "1/2-1/2"]
[WhiteElo "1623"]
[BlackElo "1495"]
[PlyCount "41"]
[EventDate "2017.09.23"]
[EventType "swiss"]
[EventRounds "8"]
[EventCountry "ESP"]
[SourceTitle "EXT 2024"]
[Source "ChessBase"]
[SourceDate "2023.10.10"]
[SourceVersion "1"]
[SourceVersionDate "2023.10.10"]
[SourceQuality "1"]

1. e4 e5 2. Nf3 Nf6 3. d4 Nxe4 4. Bd3 d5 5. Nxe5 Nxf2 6. Qf3 Nxd3+ 7. cxd3 Be6 8. 0-0 Qe7 9. b3 b6 10. Ba3 c5 11. Nc3 Qb7 12. dxc5 Bxc5+ 13. Bxc5 bxc5 14. Na4 Na6 15. Rac1 Rc8 16. d4 Qe7 17. Qe2 c4 18. bxc4 dxc4 19. Rfe1 0-0 20. Nxc4 Qb4 21. Ncb2 1/2-1/2

[Event "Llinars del Valles op-B 10th"]
[Site "Llinars del Valles"]
[Date "2016.04.16"]
[Round "3"]
[White "Montllor Aguilera, Francisco"]
[Black "Martin Capitan, Jesus C"]
[Result "1/2-1/2"]
[WhiteElo "1692"]
[BlackElo "1865"]
[PlyCount "86"]
[EventDate "2016.04.02"]
[EventType "swiss"]
[EventRounds "9"]
[EventCountry "ESP"]
[SourceTitle "CBM 172 Extra"]
[Source "ChessBase"]
[SourceDate "2016.06.21"]
[SourceVersion "1"]
[SourceVersionDate "2016.06.21"]
[SourceQuality "1"]

1. e4 c5 2. Nf3 g6 3. d4 cxd4 4. Nxd4 Nc6 5. Be3 Bg7 6. c3 Nf6 7. f3 0-0 8. Bc4 d5 9. Nxc6 bxc6 10. exd5 cxd5 11. Bb3 Ba6 12. Qd2 e5 13. Na3 d4 14. cxd4 exd4 15. Qxd4 Qxd4 16. Bxd4 Rfe8+ 17. Kd2 Rad8 18. Nc2 Re2+ 19. Kc3 Rc8+ 20. Kb4 Rexc2 21. Bxc2 Rxc2 22. Bc3 Nd5+ 23. Kb3 Rxg2 24. Bxg7 Kxg7 25. Rad1 Bb7 26. h4 Kf6 27. Rhe1 Rg3 28. Rd3 Rh3 29. Re4 Kf5 30. Red4 Nf4 31. Rc3 Rxf3 32. Rd7 Rxc3+ 33. Kxc3 Bd5 34. Rxa7 Ke6 35. Kd4 Kd6 36. Ra6+ Bc6 37. b4 Ne6+ 38. Kc3 Kc7 39. Ra7+ Bb7 40. a4 Kb6 41. Ra5 f5 42. Re5 Nc7 43. a5+ Kc6 1/2-1/2

[Event "Sabadell Coral Colon op 10th"]
[Site "Sabadell"]
[Date "2016.01.22"]
[Round "1"]
[White "Fernandez Aguilar, Francisco"]
[Black "Montllor Aguilera, Francisco"]
[Result "1-0"]
[WhiteElo "2080"]
[BlackElo "1692"]
[PlyCount "169"]
[EventDate "2016.01.22"]
[EventType "swiss"]
[EventRounds "9"]
[EventCountry "ESP"]
[SourceTitle "EXT 2017"]
[Source "ChessBase"]
[SourceDate "2016.10.25"]
[SourceVersion "1"]
[SourceVersionDate "2016.10.25"]
[SourceQuality "1"]

1. d4 d5 2. Nf3 Nf6 3. Bf4 Bf5 4. e3 e6 5. Ne5 Nbd7 6. g4 Bg6 7. h4 h5 8. Nxg6 fxg6 9. g5 Ne4 10. Bd3 Qe7 11. c3 e5 12. dxe5 Nxe5 13. Bxe5 Qxe5 14. Nd2 0-0-0 15. Qc2 Re8 16. f4 Qe6 17. Nxe4 dxe4 18. Bf1 Qb6 19. Ke2 Bc5 20. Rh3 a5 21. Rb1 Qe6 22. b4 axb4 23. cxb4 Bd6 24. Rg3 Qe7 25. Bh3+ Kb8 26. Rgg1 Rd8 27. a3 Rhe8 28. Rgd1 Qf7 29. Qb3 Re7 30. Qxf7 Rxf7 31. Rd4 Re7 32. Bg2 Rde8 33. Rc1 Re6 34. a4 b6 35. Rcc4 c5 36. bxc5 Bxc5 37. Rxe4 Kc7 38. Rxe6 Rxe6 39. Re4 Kd6 40. Kd3 Ba3 41. Rxe6+ Kxe6 42. Be4 Kf7 43. Ke2 Bb4 44. Bd3 Ba3 45. Bc4+ Ke7 46. Kf2 Bc1 47. Kf3 Bd2 48. Ke2 Bc1 49. Bd3 Kf7 50. Bb1 Ba3 51. Kf2 Bc1 52. Bc2 Bd2 53. Ke2 Bc1 54. Kd3 Ba3 55. Bb3+ Ke7 56. e4 Bc1 57. f5 gxf5 58. exf5 Bf4 59. Bd1 Bg3 60. Bxh5 Bxh4 61. g6 Kf6 62. Ke4 Bg3 63. Be2 Bh2 64. Bd3 Bg1 65. Kd5 Bf2 66. Kd6 Bc5+ 67. Kc6 Bf2 68. Bb1 Bd4 69. Bc2 Bf2 70. Kd7 Bc5 71. Ke8 Bb4 72. Bd1 Bc5 73. Bg4 Bb4 74. Kd7 Bc5 75. Bh3 Bd4 76. Kc7 Bc5 77. Bg4 Bd4 78. Kc6 Bc5 79. a5 Bf2 80. axb6 Kg5 81. b7 Bg3 82. Kd7 Be5 83. Bh3 Kh4 84. f6 gxf6 85. g7 1-0

[Event "Llinars del Valles op-B 8th"]
[Site "Llinars del Valles"]
[Date "2015.04.18"]
[Round "2"]
[White "Garcia Escoda, Marc"]
[Black "Montllor Aguilera, Francisco"]
[Result "1-0"]
[WhiteElo "1941"]
[BlackElo "1837"]
[PlyCount "69"]
[EventDate "2015.04.11"]
[EventType "swiss"]
[EventRounds "9"]
[EventCountry "ESP"]
[SourceTitle "EXT 2016"]
[Source "ChessBase"]
[SourceDate "2015.10.08"]
[SourceVersion "1"]
[SourceVersionDate "2015.10.08"]
[SourceQuality "1"]

1. e4 e5 2. Nf3 Nc6 3. d4 exd4 4. Nxd4 Bc5 5. Be3 Qf6 6. c3 Nge7 7. Bc4 Nxd4 8. cxd4 Bb4+ 9. Nc3 Bxc3+ 10. bxc3 d6 11. Rb1 Rb8 12. 0-0 0-0 13. f4 Nc6 14. Qd2 Qe7 15. f5 Na5 16. Bd3 f6 17. Rf3 Kh8 18. Rg3 Rg8 19. Rf1 Bd7 20. Rf4 Rbf8 21. Rh4 g5 22. fxg6 Rg7 23. Bh6 Rfg8 24. Bxg7+ Rxg7 25. Qh6 Be8 26. Qxg7+ Qxg7 27. Rxh7+ Qxh7 28. gxh7 Bf7 29. Rf3 Kxh7 30. e5+ Kg8 31. exd6 cxd6 32. Rxf6 d5 33. Bg6 Bxg6 34. Rxg6+ Kf7 35. Rd6 1-0

[Event "Cerdanyola del Valles op-B 31th"]
[Site "Cerdanyola del Valles"]
[Date "2013.??.??"]
[Round "2.2"]
[White "Garcia Acosta, Carla"]
[Black "Montllor Aguilera, Francisco"]
[Result "0-1"]
[WhiteElo "1546"]
[BlackElo "1703"]
[PlyCount "110"]
[EventDate "2013.10.05"]
[EventType "swiss"]
[EventRounds "8"]
[EventCountry "ESP"]
[SourceTitle "EXT 2024"]
[Source "ChessBase"]
[SourceDate "2023.10.10"]
[SourceVersion "1"]
[SourceVersionDate "2023.10.10"]
[SourceQuality "1"]

1. e4 e5 2. Nf3 Nc6 3. Bc4 Bc5 4. c3 Nf6 5. d3 h6 6. 0-0 d6 7. Nbd2 Bg4 8. h3 Bh5 9. Re1 0-0 10. Nf1 a6 11. Bb3 Re8 12. Ng3 Bg6 13. Be3 Bxe3 14. Rxe3 Nh7 15. d4 exd4 16. Nxd4 Nxd4 17. Qxd4 Qf6 18. Qxf6 Nxf6 19. Rae1 Nd7 20. Nf5 Bxf5 21. exf5 Rxe3 22. Rxe3 Kf8 23. Bc2 Re8 24. Rxe8+ Kxe8 25. g4 Ne5 26. Kg2 f6 27. Kg3 b6 28. b3 Kf7 29. Be4 a5 30. Bd5+ Kf8 31. Be4 Nd7 32. f3 Nc5 33. Kf4 Ke7 34. Bc2 d5 35. Ke3 Kd6 36. f4 b5 37. Kd4 c6 38. c4 dxc4 39. bxc4 b4 40. Ke3 a4 41. Kd2 b3 42. axb3 axb3 43. Bb1 Na4 44. h4 Kc5 45. Be4 Kxc4 46. Bxc6 Nc3 47. Kc1 Ne2+ 48. Kb2 Nxf4 49. Bf3 Nd3+ 50. Kb1 Kc3 51. Be2 Nf4 52. Bd1 Ng2 53. h5 Ne3 54. Bf3 Nc4 55. Be4 Nd2+ 0-1

[Event "Llinars del Valles op-B 6th"]
[Site "Llinars del Valles"]
[Date "2012.05.19"]
[Round "6"]
[White "Montllor Aguilera, Francisco"]
[Black "Montoro Balasch, Bernat"]
[Result "0-1"]
[WhiteElo "1657"]
[BlackElo "1791"]
[PlyCount "78"]
[EventDate "2012.04.14"]
[EventType "swiss"]
[EventRounds "9"]
[EventCountry "ESP"]
[SourceTitle "EXT 2013"]
[Source "ChessBase"]
[SourceDate "2012.11.22"]
[SourceVersion "1"]
[SourceVersionDate "2012.11.22"]
[SourceQuality "1"]

1. d4 Nf6 2. c4 g6 3. Nf3 Bg7 4. Nc3 d5 5. e3 0-0 6. Be2 dxc4 7. Bxc4 c5 8. 0-0 Qc7 9. Nb5 Qb6 10. dxc5 Qxc5 11. Qd4 Qh5 12. Qe5 Qg4 13. Qd4 Nc6 14. Qxg4 Bxg4 15. Nbd4 Rac8 16. Be2 Nxd4 17. Nxd4 Bxe2 18. Nxe2 Rfd8 19. b3 Ne4 20. Rb1 Rc2 21. Nd4 Rxa2 22. f3 Nc3 23. Rb2 Bxd4 24. exd4 Ne2+ 25. Kf2 Nxc1 26. Rxa2 Nxa2 27. Ra1 Nb4 28. Rxa7 Rxd4 29. Rxb7 Nd5 30. Ke2 e6 31. g3 Kf8 32. Rb8+ Kg7 33. h3 Rb4 34. Rxb4 Nxb4 35. Kd2 Kf6 36. Kc3 Nd5+ 37. Kd4 h5 38. f4 Kf5 39. Kd3 h4 0-1

[Event "Cerdanyola del Valles op 28th"]
[Site "Cerdanyola del Valles"]
[Date "2010.11.06"]
[Round "6"]
[White "Montllor Aguilera, Francisco"]
[Black "Sans Font, Marc"]
[Result "0-1"]
[WhiteElo "1705"]
[BlackElo "1582"]
[PlyCount "54"]
[EventDate "2010.10.02"]
[EventType "swiss"]
[EventRounds "7"]
[EventCountry "ESP"]
[SourceTitle "EXT 2012"]
[Source "ChessBase"]
[SourceDate "2011.11.24"]
[SourceVersion "1"]
[SourceVersionDate "2011.11.24"]
[SourceQuality "1"]

1. e4 c5 2. Nf3 Nc6 3. d4 cxd4 4. Nxd4 Nf6 5. Nc3 e5 6. Nxc6 bxc6 7. a3 Bc5 8. Bc4 Bd4 9. Ne2 Bb6 10. Nc3 Bb7 11. Qf3 d5 12. exd5 cxd5 13. Bb5+ Ke7 14. Bg5 Qd6 15. Rd1 Rhd8 16. Bc4 Rac8 17. Bxd5 Rxc3 18. Bxb7 Bxf2+ 19. Kxf2 Rxf3+ 20. Bxf3 Qc5+ 21. Be3 Qxc2+ 22. Kg3 Rxd1 23. Rxd1 e4 24. Rd2 Qb3 25. Bc5+ Ke6 26. Re2 Kd5 27. Re3 Qb8+ 0-1

[Event "Sabadell Colon op 4th"]
[Site "Sabadell"]
[Date "2010.01.29"]
[Round "1.2"]
[White "Rivas Garcia, Victor"]
[Black "Montllor Aguilera, Francisco"]
[Result "1-0"]
[WhiteElo "2219"]
[BlackElo "1701"]
[PlyCount "41"]
[EventDate "2010.01.29"]
[EventType "swiss"]
[EventRounds "9"]
[EventCountry "ESP"]
[SourceTitle "EXT 2024"]
[Source "ChessBase"]
[SourceDate "2023.10.10"]
[SourceVersion "1"]
[SourceVersionDate "2023.10.10"]
[SourceQuality "1"]

1. e4 e5 2. Nf3 Nc6 3. Bb5 a6 4. Ba4 b5 5. Bb3 Be7 6. 0-0 Nf6 7. Re1 0-0 8. d4 exd4 9. e5 Ne8 10. Bd5 Bb7 11. Nxd4 Rb8 12. Nf5 Bc5 13. Nc3 Ne7 14. Bxb7 Rxb7 15. Qf3 c6 16. Ne4 Bb6 17. Bg5 f6 18. exf6 Nxf6 19. Nxf6+ gxf6 20. Nxe7+ Kg7 21. Bh6+ 1-0